Quizzes
Events
Quiz Creation
Community
Videos
Private Events
Remove Ads
Sign In
Join for FREE
Feedback
Dark Mode
Quiz Categories
Sports
Geography
Music
Movies
Television
Just For Fun
Miscellaneous
History
Literature
Language
Science
Gaming
Entertainment
Religion
Holiday
For Kids
Quiz Lab
Recent
Popular Today
Quiz Kudos Today
Editor Picks
Curator Picks
Quizzes by...
Day
Popularity
Type
Ratings
Length
Year
Community
Subscriptions
Recent Discussions
Orange Saloon
Badges
Playlists
Quests
Create
Leaderboards
Showdown
Live 5
Trivia Bingo
Activity
Puzzle Library
Sporcle Events
Private Events
Virtual Trivia
Globe League
Become a Host
Pub Owners
SporcleCon
Opinionation
Our Games
Videos
Blog
Mobile Apps
Partnerships
Remove Ads and Go Orange
Feedback
Entertainment
Celebrity
Famous
Musical
Broadway
Show
Quote
Comic Books
Anime
Superhero
DC Comics
Marvel
Cartoons
Animation
Entertainment
Celebrity
Famous
Musical
Broadway
Show
Quote
Comic Books
Anime
Superhero
DC Comics
Marvel
Cartoons
Animation
Random Quiz
Search Sporcle
×
Quiz Lab
Quiz Lab
Entertainment
War
Type in answers that appear in a list
Type in answers that appear in a list
Classic
Best Score? Go Orange.
Robot Wars Series 9 Competitors Stats
Can you name the Robot Wars Series 9 Competitors?
By
wizzkid1997
10m
40 Questions
263 Plays
263 Plays
263 Plays
Comments
Comments
Give Quiz Kudos
Give Quiz Kudos
-
- Ratings
hide this ad
Replay
Link that replays current quiz
Next Quiz
Link to next quiz in quiz playlist
You Got
0%
They Got
Avg Score
81%
Avg Friend Score
Upgrade to see
Score Distribution
Jump to the score distribution portion of the page
Score
0/40
Timer
10:00
0
Plays Today
Hint
Answer
% Correct
Heat E
Apollo
97.3%
Heat E
Carbide
95.4%
Heat A
Aftershock
93.2%
Heat B
Eruption
93.2%
Heat C
Thor
93.2%
Heat B
Behemoth
92%
Heat A
Terrorhurtz
91.3%
Heat A
Nuts 2
89.7%
Heat D
Pulsar
89.4%
Heat A
Jellyfish
87.8%
Heat A
Sabretooth
87.8%
Heat D
Ironside 3
87.5%
Heat B
PP3D
86.7%
Heat D
Supernova
86.3%
Heat B
Cherub
85.9%
Heat C
Concussion
85.9%
Heat A
Rapid
84.8%
Heat C
Foxic
84.8%
Heat E
Crackers & Smash
82.1%
Heat C
M.R. Speed Squared
81%
Hint
Answer
% Correct
Heat D
Frostbite
79.1%
Heat D
Wyrm
78.7%
Heat E
Trolley Rage
78.3%
Heat B
Draven
77.2%
Heat D
Apex
77.2%
Heat B
Push to Exit
76.8%
Heat E
Meggamouse
76.4%
Heat B
Hobgoblin
76%
Heat E
Ms. Nightshade
76%
Heat A
Crank-E
74.5%
Heat E
Coyote
74.5%
Heat C
Expulsion
74.1%
Heat A
TMHWK
73.8%
Heat C
Heavy Metal
73%
Heat E
Rusty
70.7%
Heat C
Chimera 2
70%
Heat B
Cobra
68.8%
Heat C
Tauron
66.9%
Heat D
HIGH-5
66.5%
Heat D
Crushtacean
65.4%
Quiz Playlist
Details
Report
Send in Message
Add To Playlist
Classic:
Type in answers that appear in a list
Last Updated: May 8, 2017
Quiz Scoreboard
CHALLENGE
Sign Up to Join the Scoreboard
Show All
Scores
Hide
Comments
May contain spoilers
Recently Published
Decade Duel: World Leaders
by jenniferyan
History
4m
Alphabetical 'K' Countries by Flag Minefield
by ylime102
Geography
3m
Pick 6: Fruits
by JohnFran
Miscellaneous
15s
More to Explore
Quiz From the Vault
Featured Blog Post
15 Basketball Trivia Facts You Can Be March Mad About
hide this ad
You Might Also Like...
Tags
War Quiz
competitor
robot
Robot Wars
Today's Top Quizzes in Entertainment
Browse Entertainment
hide this ad
Today's Top Quizzes in War
Browse War
Top Contributed Quizzes in Entertainment
1
Eurovision 2023 Logic Puzzle
2
The Joker Actors by Order
3
Spider-Man Actors by Order
4
JoJo's Bizarre Logic Quiz
5
Marvel, Role-Playing, Shakespeare, and Cats, Oh My!
6
Click the Fictional John
7
Dragon Ball Z: Goku's Fights in Order
8
Click the Fictional Bruce
9
Picture Click Blitz: Snow White
10
The Incredible Hulk Actors by Order
Explore More
Trending Topics
Marvel
Kpop
Harry Potter
Crossword
NBA
Anime
Disney
NFL
Song
WWE
Country
The Office
Soccer
Puzzle
Pokémon
hide this ad
More By:
wizzkid1997
Quiz
Plays
Rating
Category
Featured
Created
Name The 1975 songs
461
4.00
Music
Nov 15, 2016
Name All the Bastille Songs
337
Music
Nov 15, 2016
Robot Wars Series 9 Competitors
263
5.00
Entertainment
Feb 28, 2017
Name the Heat Finalists of Robot Wars
175
Television
Aug 10, 2016
Name the Indie Bands
172
3.80
Music
Oct 30, 2016
Go to Creator's Profile
Score Distribution
Quiz Creator Spotlight
wizzkid1997
Follow
Send a Message
Quizzes Created
-
Created Quiz Play Count
-
More By This Creator
Popular Quizzes Today
1
Countries of Asia Without Outlines Minefield
2
Find the US States - No Outlines Minefield
3
Pick 6: Fruits
4
Alphabetical 'K' Countries by Flag Minefield
5
The Countries of the World
6
Find the Countries of Europe - No Outlines Minefield
7
Find the US States
8
US States
More Entertainment Quizzes
Superhero Acrostic Puzzle
Published
Trending Quizzes
Pick 6: Mountains
Pick 6: Harry Potter
Pick 6: Flags
Pick 6: NFL Teams
Pick 6: Movie Franchises
Recently Updated
Adaptations: Name the Title
pecheneg
NWSL Teams
pecheneg
Women's Final Four Teams by Year
bhenderson79
Presidents Quartet II
eogle
Anything But Clue(do)
eogle
Anything But Oceanian Capitals
eogle
Anything But 7
eogle
Anything But Thing
eogle
Word Ladder: February 29
pecheneg
Song Title Questions
pecheneg
Trending Topics
Kpop
NBA
Anime
Harry Potter
Marvel
Disney
Crossword
Song
Pokémon
Puzzle
WWE
NFL
Soccer
Country
The Office
Your Account Isn't Verified!
In order to create a playlist on Sporcle, you need to verify the email address you used during registration. Go to your
Sporcle Settings
to finish the process.
Report this User
Report this user for behavior that violates our
Community Guidelines
.
Details:
Send Report
Go to the Sporcle.com Mobile Site →
Comments